| 000 | 00720cam a2200229 a 4500 | ||
|---|---|---|---|
| 999 |
_c747 _d747 |
||
| 001 | 4191951 | ||
| 003 | GZU | ||
| 005 | 20200911130346.0 | ||
| 008 | 830302s1980 nyua 001 0 eng | ||
| 010 | _a 80080953 | ||
| 020 | _a0896730654 | ||
| 040 |
_aDLC _cDLC _dDLC |
||
| 050 | 0 | 0 | _aD 299 HAR 1973 |
| 245 | 0 | 0 |
_aHistory of the Second World War / _ceditor-in-chief, Sir Basil Liddell Hart. |
| 260 |
_aNew York : _bExeter Books : _bdistributed by Bookthrift, _c1973 |
||
| 300 |
_a829p. : _bill. ; _c31 cm. |
||
| 500 | _aIncludes index. | ||
| 650 | 0 | _aWorld War, 1939-1945. | |
| 700 | 2 |
_aLiddell Hart, Basil Henry, _cSir, _d1895-1970. |
|
| 906 |
_a7 _bcbc _corignew _d2 _eopcn _f19 _gy-gencatlg |
||
| 942 |
_2lcc _cBK _h299 _iHAR _kD |
||